Statistics for Countries 197 to 205

Click here to take the quiz!

General Stats

  • This quiz has been taken 28,406 times
    (23,684 since last reset)
  • The average score is 5 of 9

Answer Stats

statuspopulationcountry% Correct
Free association with Denmark56,100Greenland
87%
Recognized by 138 U.N. member states5,050,000Palestine
73%
Free association with Denmark52,100Faroe Islands
55%
African nation, recognised by 40 U.N. members567,000Western Sahara
53%
Free association with Netherlands112,000Aruba
51%
Free association with Netherlands159,000Curaçao
43%
Free association with Netherlands41,500Sint Maarten
39%
Free association with New Zealand17,500Cook Islands
35%
Free association with New Zealand1,620Niue
30%

Score Distribution

Percentile by Number Answered

Percent of People with Each Score

Your Score History

You have not taken this quiz since the last reset